1290 1022 1784 1129 1234 1524 1136 1743 1448 1063 1419 1060 1129 1304 1662 1060 1315 1466 1533 1399 1193 1602 1730 1104 1655 1851 1731 1992 1495 1231 1332 1108 1376 1746 1170 1676 1068 1692 1623 1977 1965 1351 1739 1555 1639 1391 1078 1618 1074 1363 1510 1607 1316 1377 1096 1216 1181 1757 1911 1154 1098 1521 1044 1631 1504 1363 1032 1592 1269 1288 1323 1427 1072 1424 1496 1534 1122 1772 1195 1285 1396 1713 1619 1779 1274 1254 1572 1100 1866 1628 1101 1957 1217 1391 1130 1111 1325 1956 1128 BCNSPRNW ULIB Ver.6.0+V

เปลี่ยนเป็นภาษาไทย

Change to English
 แสดงรายละเอียดบรรณานุกรม
  กลับหน้าหลัก

Brief Record : Get Marc (ISO 2709) : E-mail record : QR code < ปิดหน้าต่าง
LEADER : 00000nam 2200000uu 4500
001    13399122060
003     ULIB
008    121221s2552||||th 000 0 tha d
020    ^a9789742588915
060 04 ^aWH100^bพ436H 2552
245 00 ^aChulalongkorn hematology atlas /^cบรรณาธิการ, พลภัทร โรจน์นครินทร์
260    ^aกรุงเทพฯ :^bสาขาวิชาโลหิตวิทยา ภาควิชาอายุรศาสตร์คณะแพทยศาสตร์ จุฬาลงกรณ์มหาวิทยาลัย,^c2552
300    ^a127 หน้า :^bภาพประกอบสี ;^c21 ซม.
650  7 ^aเลือด^xโรค^xการวินิจฉัยโรคทางห้องปฏิบัติการ
650  7 ^aเลือดจาง^xการวินิจฉัย^vหนังสือภาพ
650  7 ^aเลือด^xการตรวจ^vหนังสือภาพ
650  7 ^aโลหิตวิทยา
700 0  ^aพลภัทร โรจน์นครินทร์,^eบรรณาธิการ
710 2  ^aจุฬาลงกรณ์มหาวิทยาลัย. ^bภาควิชาอายุรศาสตร์.^bสาขาวิชาโลหิตวิทยา
945    ^p0^l0^i15692
945    ^p0^l0^i15693
995    ^aกัณชพร
999 ^a ใช้งานได้ทุกระบบ
รายการนี้ยังไม่มีแท็ก
คุณยังไม่ได้ล็อกอิน คุณสามารถมีกิจกรรมร่วมกับเว็บไซต์ได้ แต่ต้องล็อกอินก่อน ::
  ล็อกอิน

รายการสื่อสารสนเทศ

ลำดับที่ ประเภท เลขเรียก/บาร์โค้ด สถานที่ สถานะ
1. วิทยาศาสตร์การแพทย์ และสุขภาพ
วิทยาศาสตร์การแพทย์ และสุขภาพ
WH100 พ436H 2552  
  Barcode: 15692
ห้องสมุดวิทยาเขตสวรรค์ประชารักษ์
►หนังสือทั่วไป
บนชั้น
2. วิทยาศาสตร์การแพทย์ และสุขภาพ
วิทยาศาสตร์การแพทย์ และสุขภาพ
WH100 พ436H 2552 ฉ.2 
  Barcode: 15693
ห้องสมุดวิทยาเขตสวรรค์ประชารักษ์
►หนังสือทั่วไป
บนชั้น

รายการใกล้เคียง
    หัวเรื่อง [โลหิตวิทยา]

BibComment


ยังไม่เคยถูกคอมเมนท์

คอมเมนท์ทรัพยากรรายการนี้
  คอมเมนท์: Chulalongkorn he..


 Copyright 2026. Bcnsprnw @Library